<?xml version="1.0" encoding="UTF-8"?>
<collection xmlns="http://www.loc.gov/MARC21/slim">
  <record>
    <leader>00000nam  2200000   4500</leader>
    <controlfield tag="001">INLIS000000000020660</controlfield>
    <controlfield tag="005">20250728025555</controlfield>
    <datafield tag="035" ind1="#" ind2="#">
      <subfield code="a">0010-0725000190</subfield>
    </datafield>
    <controlfield tag="007">ta</controlfield>
    <controlfield tag="008">250728################g##########0#ind##</controlfield>
    <datafield tag="082" ind1="#" ind2="#">
      <subfield code="a">374</subfield>
    </datafield>
    <datafield tag="084" ind1="#" ind2="#">
      <subfield code="a">374 UNE b</subfield>
    </datafield>
    <datafield tag="245" ind1="1" ind2="#">
      <subfield code="a">Belajar untuk Hidup :</subfield>
      <subfield code="b">Pendidikan Hari Kini dan Hari Esok /</subfield>
      <subfield code="c">UNESCO</subfield>
    </datafield>
    <datafield tag="250" ind1="#" ind2="#">
      <subfield code="a">Cetakan ke 2</subfield>
    </datafield>
    <datafield tag="260" ind1="#" ind2="#">
      <subfield code="a">Jakarta :</subfield>
      <subfield code="b">Bhratara Karya Aksara,</subfield>
      <subfield code="c">1981</subfield>
    </datafield>
    <datafield tag="300" ind1="#" ind2="#">
      <subfield code="a">liii, 413 halaman :</subfield>
      <subfield code="b">ilus ;</subfield>
      <subfield code="c">21 cm</subfield>
    </datafield>
    <datafield tag="650" ind1="#" ind2="4">
      <subfield code="a">Pendidikan untuk Orang Dewasa</subfield>
    </datafield>
    <datafield tag="110" ind1=" " ind2="#">
      <subfield code="a">UNESCO</subfield>
    </datafield>
    <datafield tag="520" ind1="#" ind2="#">
      <subfield code="a">Semenjak bergenerasi lamanya, tujuan tunggal pendidikan adalah meneruskan nilai-nilai, pengetahuan dan ketrampilan yang ingin disampaikan -- bahkan dalam pelaksanaannya sering kali seperti dijejal-jejalkan -- oleh generasi tua kepada generasi muda, guna menyiapkannya bagi kehidupan bermasyarakat. Dalam alam pikiran ini, pendidikan dalam keseluruhannya dianggap sebagai suatu kewajiban Negara terhadap warganya, termasuk di dalamnya tugas guru memindahkan pengetahuan kepada sianak didik,  bahkan hubungan sianak dengan orang tuanya dalam lingkungan keluarga.&#13;
&#13;
Alam pikiran akhir-akhir ini tidak lagi begitu penuh kepercayaan akan arti dan maksud pendidikan masa silam tersebut. Apabila orang ingin mencapai cita-cita demokrasi yang diidam-idamkan, dan hendak memberikan tempat yang mapan kepada umat manusia dalam revolusi ilmu pengetahuan dan teknologi yang kini sedang dan masih akan bergejolak di kemudian hari, maka pendidikan tidak boleh sekedar terarahkan kepada suatu kelas masyarakat atau suatu kelompok umur saja.</subfield>
    </datafield>
    <datafield tag="990" ind1="#" ind2="#">
      <subfield code="a">19233</subfield>
    </datafield>
    <datafield tag="990" ind1="#" ind2="#">
      <subfield code="a">20023</subfield>
    </datafield>
  </record>
</collection>
